What the prospective home owner should know about landscape architecture.
Saved in:
| Main Author: | |
|---|---|
| Format: | Book |
| Language: | English |
| Published: |
Boston, Mass.,
American Society of Landscape Architects.
[1945]
|
| Subjects: | |
| Tags: |
Add Tag
No Tags, Be the first to tag this record!
|
| LEADER | 00608nam a2200193K 4500 | ||
|---|---|---|---|
| 001 | 000000142-2 | ||
| 005 | 20140204155659.0 | ||
| 008 | 931207s1945 mau 000 0 eng d | ||
| 035 | 0 | |a ocm78425971 | |
| 040 | |a FLL |c FLL | ||
| 100 | 1 | |a Zach, Leon. | |
| 245 | 1 | 0 | |a What the prospective home owner should know about landscape architecture. |
| 260 | |a Boston, Mass., |b American Society of Landscape Architects. |c [1945] | ||
| 300 | |a 4 p. | ||
| 650 | 0 | |a Landscape architecture. | |
| 690 | 9 | |a Landscape architecture |x Definition. |5 des | |
| 690 | 9 | |a Landscape architecture |x Prof. practice. |5 des | |
| 988 | |a 20020608 | ||
| 906 | |0 MH | ||


